|
|
|
|
| LEADER |
01602nam a2200397 a 4500 |
| 001 |
33835 |
| 003 |
BD-DhAAL |
| 005 |
20230525141359.0 |
| 008 |
180930r20081962nyu b 001 0 eng d |
| 020 |
|
|
|a 0061575593 (pbk.)
|
| 020 |
|
|
|a 9780061575594 (pbk.)
|
| 035 |
|
|
|a (OCoLC)ocn243467373
|
| 040 |
|
|
|a BKL
|c BKL
|d BAKER
|d YDXCP
|d WAU
|d VP@
|d ORX
|d TXJ
|d DLC
|d BD-DhAAL
|
| 041 |
1 |
|
|a eng
|
| 042 |
|
|
|a lccopycat
|
| 050 |
0 |
0 |
|a B3279.H48
|b S43 2008
|
| 082 |
0 |
0 |
|a 111
|2 22
|
| 100 |
1 |
|
|a Heidegger, Martin,
|d 1889-1976.
|9 28363
|
| 240 |
1 |
0 |
|a Sein und Zeit.
|l English
|
| 245 |
1 |
0 |
|a Being and time /
|c Martin Heidegger ; translated [from the 7th German edition] by John Macquarrie & Edward Robinson ; foreword by Taylor Carmen.
|
| 260 |
|
|
|a New York :
|b HarperPerennial/Modern Thought,
|c c2008.
|
| 300 |
|
|
|a xxvi, 589 pages ;
|c 22 cm.
|
| 500 |
|
|
|a Translation of: Sein und Zeit.
|
| 500 |
|
|
|a Reprint. Originally published: Harper & Row, 1962.
|
| 504 |
|
|
|a Includes bibliographical references (pages [489]-501) and indexes.
|
| 526 |
|
|
|a ENH
|
| 541 |
|
|
|a Trim Education
|e 33835
|
| 650 |
|
0 |
|a Ontology.
|9 28364
|
| 650 |
|
0 |
|a Space and time.
|9 28365
|
| 650 |
|
0 |
|a English literature
|9 42985
|
| 700 |
1 |
|
|a Macquarrie, John.
|9 28366
|
| 700 |
1 |
|
|a Robinson, Edward S.
|q (Edward Schouten),
|d 1904-1968.
|9 28367
|
| 852 |
|
|
|a Ayesha Abed Library
|c General Stacks
|
| 942 |
|
|
|2 ddc
|c BK
|
| 999 |
|
|
|c 40067
|d 40067
|
| 952 |
|
|
|0 0
|1 0
|2 ddc
|4 0
|6 111_000000000000000_HEI
|7 0
|9 64424
|a BRACUL
|b BRACUL
|c GEN
|d 2018-09-24
|e Trim Education
|g 2085.00
|l 3
|m 48
|o 111 HEI
|p 3010033835
|q 2026-06-02
|r 2026-04-20
|s 2026-04-20
|t 1
|v 2085.00
|w 2018-09-24
|y BK
|